000 00621nam a2200241Ia 4500
003 OSt
005 20220928103949.0
006 a|||||r|||| 00| 0
007 ta
008 220927b |||||||| |||| 00| 0 eng d
024 _a46024
037 _cTextual
040 _aSDCL
_cSDCL
_beng
041 _2eng
_aeng
082 _aO152,1M95:g, K5
100 _aNagendra Ed.
_9407788
245 0 _aSiya Ram Sharan Gupta.
250 _a2
260 _aDelhi
_bNational Publishing House
_c1965
300 _a251p
_ccm.
942 _hO152,1M95:g, K5
_cTEXL
_2CC
999 _c723303
_d723303